| 000 | 00798cam a2200253 a 4500 | ||
|---|---|---|---|
| 001 | 000004747 | ||
| 005 | 20200929151509.0 | ||
| 008 | 701210s1972 sp 000 1 spa | ||
| 040 |
_aDO-SdBNP _cDLC _dDLC |
||
| 041 | 1 | 7 |
_aspa _hfre _2Código de idioma MARC |
| 082 |
_a843.8 _bZ86t |
||
| 100 | 1 |
_aZola, Émile, _d1840-1902 _93605 |
|
| 245 | 1 | 3 |
_aLa taberna / _cÉmile Zola ; traducción de Julio C. Acerete. |
| 260 |
_aBarcelona : _bBruguera, _c1972. |
||
| 300 |
_a556 p. ; _c18 cm. |
||
| 490 | 1 |
_aLibro amigo _v207 |
|
| 534 |
_aTítulo original en francés : _tL´Assommoir |
||
| 650 | 4 |
_aNovela francesa _91075 |
|
| 650 | 4 |
_aLiteratura francesa _91074 |
|
| 700 | 1 |
_aAcerete, Julio C., _etr. _911980 |
|
| 830 | 0 |
_aLibro amigo ; _v207 _913799 |
|
| 910 | _aCatalogación derivada / LC | ||
| 910 | _aWM | ||
| 999 |
_c4553 _d4553 |
||